Cirugía ano-rectal / (Record no. 74382)

MARC details
000 -LEADER
campo de control de longitud fija 00885nam a2200229 i 4500
001 - NÚMERO DE CONTROL
campo de control 74382
003 - IDENTIFICADOR DE NÚMERO DE CONTROL
campo de control ES-MaACL
005 - FECHA Y HORA DE LA ÚLTIMA TRANSACCIÓN
campo de control 20230906172119.0
007 - CAMPO FIJO DE DESCRIPCIÓN FÍSICA--INFORMACIÓN GENERAL
campo de control de longitud fija t|
008 - DATOS DE LONGITUD FIJA--INFORMACIÓN GENERAL
campo de control de longitud fija 040917s1973 sp ||||1| spa d
020 ## - NÚMERO INTERNACIONAL ESTÁNDAR DEL LIBRO
Número Internacional Estándar del Libro 84-600-5713-5
100 1# - ENTRADA PRINCIPAL--NOMBRE DE PERSONA
Nombre de persona González González, Manuel.
9 (RLIN) 58683
245 10 - MENCIÓN DEL TÍTULO
Título Cirugía ano-rectal /
Mención de responsabilidad, etc. director de la ponencia Manuel González González ; II Congreso de Medicina Aragonesa (VI Jornadas Médicas Aragonesas).
260 ## - PUBLICACIÓN, DISTRIBUCIÓN, ETC.
Lugar de publicación, distribución, etc. Zaragoza :
Nombre del editor, distribuidor, etc. Instituto "Fernando el Católico",
Fecha de publicación, distribución, etc. 1973.
300 ## - DESCRIPCIÓN FÍSICA
Extensión 108 p. :
Otras características físicas il. ;
Dimensiones 27 cm.
650 #4 - PUNTO DE ACCESO ADICIONAL DE MATERIA--TÉRMINO DE MATERIA
Término de materia o nombre geográfico como elemento de entrada Ano-
Subdivisión general Cirugía.
9 (RLIN) 172196
650 #4 - PUNTO DE ACCESO ADICIONAL DE MATERIA--TÉRMINO DE MATERIA
Término de materia o nombre geográfico como elemento de entrada Recto-
Subdivisión general Cirugía.
9 (RLIN) 140378
710 2# - ENTRADA AGREGADA--NOMBRE DE ENTIDAD CORPORATIVA
Nombre de entidad corporativa o nombre de jurisdicción como elemento de entrada Institución "Fernando el Católico"
9 (RLIN) 4721
711 2# - ENTRADA AGREGADA--NOMBRE DE REUNIÓN
Nombre de congreso/reunión o jurisdicción como elemento de entrada Congreso de Medicina Aragonesa (
Número del congreso/reunión o número de parte o sección 2º.
Fecha del congreso o de la firma del tratado 1973.
Sede del congreso/Lugar de la reunión Zaragoza)
9 (RLIN) 332
711 2# - ENTRADA AGREGADA--NOMBRE DE REUNIÓN
Nombre de congreso/reunión o jurisdicción como elemento de entrada Jornadas Médicas Aragonesas (
Número del congreso/reunión o número de parte o sección 6ª.
Fecha del congreso o de la firma del tratado 1973.
Sede del congreso/Lugar de la reunión Zaragoza)
9 (RLIN) 172094
852 ## - LOCALIZACIÓN
Ubicación ES-MaACL
Número de control de estantería C-53765
Holdings
Estatus retirado Estado de pérdida Estado de daño No para préstamo Biblioteca de origen Biblioteca actual Ubicación en estantería Fecha de adquisición Fuente de adquisición Total de préstamos Signatura topográfica completa Código de barras Visto por última vez Precio de reemplazo Tipo de ítem Koha
        Biblioteca del Ateneo de Madrid Biblioteca del Ateneo de Madrid Depósito 2 17/01/2008     C-53765 1077863 23/02/2023 23/02/2023 Libro impreso